Cena je vždy dôležitá

Čo ovplyvňuje rozhodovanie spotrebiteľa pri nákupe potravín. Biologické determinanty výberu potravín. Ekonomické a fyzikálne determinanty výberu potravín. Vplyv sociálnych determinantov na výber potravín. Psychologické faktory. Poruchy stravovania. Postoje a názory spotrebiteľov. Prekážky pri zmene...

Descripción completa

Guardado en:
Detalles Bibliográficos
Autor principal: Šinková, Terézia
Formato: Capítulo de libro
Lenguaje:eslovaco
Materias:
Etiquetas: Agregar Etiqueta
Sin Etiquetas, Sea el primero en etiquetar este registro!

MARC

LEADER 00000naa$a2200000$$$4500
001 0032164
005 20231108140656.0
041 0 |a slo 
044 |a SK 
245 1 0 |a Cena je vždy dôležitá  |c Terézia Šinková 
520 |a Čo ovplyvňuje rozhodovanie spotrebiteľa pri nákupe potravín. Biologické determinanty výberu potravín. Ekonomické a fyzikálne determinanty výberu potravín. Vplyv sociálnych determinantov na výber potravín. Psychologické faktory. Poruchy stravovania. Postoje a názory spotrebiteľov. Prekážky pri zmene stravovacích návykov. Ako zmeniť stravovacie návyky. 
610 2 0 |a spotrebitelia 
610 2 0 |a potraviny 
610 2 0 |a nákup 
610 2 0 |a rozhodovanie 
610 2 0 |a ceny 
610 2 0 |a jedlá 
100 1 |a Šinková, Terézia